Highest All-Time Goalscorers for Germany - Statistics

General Stats
  • This quiz has been taken 256 times
    109 since last reset
  • The average score is 12 of 25
Answer Stats
# Goals Caps Goals/Game Years Answer % Correct
2 68 62 1.097 1966-1974 Gerd Müller
100%
7 45 131 0.334 2010- Thomas Müller
100%
1 71 137 0.518 2001-2014 Miroslav Klose
95%
3 49 130 0.377 2004-2017 Lukas Podolski
78%
21 23 150 0.153 1980-2000 Lothar Matthäus
71%
19 24 121 0.198 2004-2016 Bastian Schweinsteiger
70%
14 31 78 0.397 2007-2018 Mario Gómez
68%
5 47 108 0.435 1987-1998 Jürgen Klinsmann
63%
20 23 92 0.25 2009-2018 Mesut Özil
63%
6 45 95 0.474 1976-1986 Karl-Heinz Rummenigge
62%
9 42 98 0.429 1999-2010 Michael Ballack
62%
22 22 45 0.489 2016- Serge Gnabry
61%
18 24 57 0.421 2017- Timo Werner
52%
4 47 90 0.522 1982-1994 Rudi Völler
50%
23 22 57 0.386 2010-2017 André Schürrle
40%
8 43 72 0.597 1954-1970 Uwe Seeler
40%
10 37 70 0.529 1996-2002 Oliver Bierhoff
39%
25 21 40 0.525 1951-1960 Helmut Rahn
27%
11 33 61 0.541 1940-1958 Fritz Walter
26%
12 32 45 0.711 1977-1982 Klaus Fischer
23%
15 29 85 0.341 1988-1999 Andreas Möller
20%
24 21 26 0.808 1950-1958 Max Morlock
12%
16 27 28 0.964 1934-1942 Edmund Conen
9%
13 31 65 0.477 1933-1942 Ernst Lehner
7%
17 24 25 0.96 1927-1933 Richard Hofman
4%
No matching quizzes found
Score Distribution
Percent of People with Each Score
Percentile by Number Answered
Your Score History
You have not taken this quiz since the last reset